| 000 | 00503nam a22001937a 4500 | ||
|---|---|---|---|
| 003 | OSt | ||
| 005 | 20140310181735.0 | ||
| 008 | 130319t xxu||||| |||| 00| 0 eng d | ||
| 020 | _a0380003236 | ||
| 050 |
_aLB 1033 _bG56 1972 |
||
| 082 |
_aLB 1033 _bG56 1972 |
||
| 245 |
_aTeacher and child _ba book for parents and teachers _cHaim G. Ginott |
||
| 260 |
_aNew York _bMacmillan _cc1972 |
||
| 300 |
_a251p. _c18cm. |
||
| 521 | _aTeachers | ||
| 541 | _j1 | ||
| 562 | _e1 | ||
| 942 |
_2lcc _cBK-TR _kTR |
||
| 999 |
_c2541 _d2541 |
||